[Event "World Youth Girls U18 2014"]
[Site "Durban RSA"]
[Date "2014.09.23"]
[Round "6.20"]
[White "Machlik, Edit"]
[Black "Nomalungelo, Mathe"]
[Result "1-0"]
[WhiteElo "1929"]
[BlackElo "1565"]
[WhiteFideId "1513591"]
[BlackFideId "11001178"]
[EventDate "2014.09.20"]

1. d4 d5 2. c4 e6 3. Nc3 Nf6 4. cxd5 exd5 5. Bg5 c6 6. e3 Be7 7. Qc2 Be6 8. Bd3
h6 9. Bxf6 Bxf6 10. Nf3 Nd7 11. O-O Qc7 12. b4 O-O 13. Rfc1 Rac8 14. Na4 b6 15.
Ba6 Rcd8 16. Bb5 Nb8 17. Rab1 Qd7 18. Bd3 Rc8 19. Qd1 Qd6 20. Rc2 Rfd8 21. Qd2
Bd7 22. Qc1 Qe7 23. Qa3 Be8 24. Rbc1 Kh8 25. Nc3 c5 26. bxc5 bxc5 27. Bf5 Rc7
28. dxc5 Qxc5 29. Qb3 Qd6 30. Ne2 Rxc2 31. Qxc2 Bd7 32. Bxd7 Qxd7 33. Qc7 Kg8
34. Qxd7 Rxd7 35. Rc8+ Rd8 36. Rxd8+ Bxd8 37. Nf4 Nc6 38. Nxd5 Bb6 39. Nxb6 axb6
40. Kf1 b5 41. Nd4 Na7 42. Ke2 Kf8 43. Kd3 Ke7 44. Kc3 g6 45. Kb4 Kf6 46. Nxb5
Nc6+ 47. Kc3 h5 48. a4 g5 49. Nd4 Na7 50. a5 g4 51. a6 Ke5 52. Kc4 Kd6 53. Nb5+
Nxb5 54. Kxb5 Kc7 55. e4 f6 56. Kc5 h4 57. Kd5 Kb6 58. Ke6 Kxa6 59. Kxf6 1-0

[Event "World Youth Girls U18 2014"]
[Site "Durban RSA"]
[Date "2014.09.23"]
[Round "6.21"]
[White "Mynzhasarova, Kamilla"]
[Black "Jaskunaite, Areta"]
[Result "1-0"]
[WhiteElo "1882"]
[BlackElo "1499"]
[WhiteFideId "13703668"]
[BlackFideId "12809250"]
[EventDate "2014.09.20"]

1. e4 e5 2. Nf3 Nc6 3. Bb5 Nge7 4. O-O d6 5. d4 Bd7 6. d5 Nb8 7. Qe2 a6 8. Bd3
Ng6 9. h3 Be7 10. Be3 O-O 11. Nbd2 f5 12. exf5 Bxf5 13. Ne4 Nh4 14. Nfg5 Bxe4
15. Nxe4 Ng6 16. Qh5 Nd7 17. Ng5 Bxg5 18. Bxg5 Qe8 19. Rae1 Nf6 20. Bxf6 Rxf6
21. f4 Nxf4 22. Qxh7+ Kf8 23. Be4 Rh6 24. Qf5+ Rf6 25. Qg4 Qh5 26. Rxf4 Qxg4 27.
Rxg4 Kf7 28. Rf1 Rxf1+ 29. Kxf1 a5 30. Rg3 b5 31. Rf3+ Kg8 32. g4 a4 33. a3 Rb8
34. b4 Re8 35. h4 Re7 36. g5 Re8 37. h5 Re7 38. h6 gxh6 39. gxh6 1-0

[Event "World Youth Girls U18 2014"]
[Site "Durban RSA"]
[Date "2014.09.23"]
[Round "6.22"]
[White "February, Jesse Nikki"]
[Black "Domingos, Maria M"]
[Result "0-1"]
[WhiteElo "1688"]
[BlackElo "1737"]
[WhiteFideId "14312336"]
[BlackFideId "10100768"]
[EventDate "2014.09.20"]

1. e4 e5 2. Nf3 Nc6 3. d4 exd4 4. Bc4 h6 5. O-O d6 6. Nxd4 Nxd4 7. Qxd4 Be6 8.
Bxe6 fxe6 9. Nc3 Qd7 10. Re1 e5 11. Qc4 Nf6 12. Be3 a6 13. Rad1 Qf7 14. Qa4+ c6
15. f4 Be7 16. fxe5 dxe5 17. Nd5 O-O 18. Nxf6+ Bxf6 19. Rf1 Qe6 20. Qb4 Rf7 21.
Rd6 Qxa2 22. Bxh6 Be7 23. Qxb7 Rxf1+ 24. Kxf1 Rf8+ 25. Ke2 Qc4+ 26. Rd3 Qxc2+
27. Rd2 Qxe4+ 28. Be3 Qxg2+ 29. Kd1 Qf1+ 30. Kc2 Qc4+ 0-1

[Event "World Youth Girls U18 2014"]
[Site "Durban RSA"]
[Date "2014.09.23"]
[Round "6.23"]
[White "Wang, Yan"]
[Black "Kumari, S C T"]
[Result "1/2-1/2"]
[WhiteElo "1691"]
[BlackElo "1525"]
[WhiteFideId "2614910"]
[BlackFideId "9917390"]
[EventDate "2014.09.20"]

1. e4 e6 2. d4 d5 3. exd5 exd5 4. Nf3 Bd6 5. Bd3 Be6 6. O-O Nf6 7. c3 h6 8. h3
Nc6 9. Re1 O-O 10. Be3 Qd7 11. Nbd2 Rfe8 12. Nb3 Bf5 13. Qc2 Bxd3 14. Qxd3 Ne4
15. Nfd2 Nxd2 16. Bxd2 Ne7 17. Qf3 c6 18. Re2 Ng6 19. Rae1 Rxe2 20. Qxe2 Rf8 21.
Qd3 Re8 22. Rxe8+ Qxe8 23. Be3 Qe7 24. Qf5 Qc7 25. Qg4 b6 26. h4 Ne7 27. Qh5 Bf4
28. Qg4 Bd6 1/2-1/2

[Event "World Youth Girls U18 2014"]
[Site "Durban RSA"]
[Date "2014.09.23"]
[Round "6.24"]
[White "Kahancova, Jana"]
[Black "Al-Moaamari, Mozah"]
[Result "1-0"]
[WhiteElo "1717"]
[BlackElo "1301"]
[WhiteFideId "14915987"]
[BlackFideId "9307010"]
[EventDate "2014.09.20"]

1. d4 e6 2. Nf3 d5 3. Bf4 Nd7 4. e3 c5 5. c3 Ngf6 6. Bd3 cxd4 7. exd4 Nb6 8.
Nbd2 Bd7 9. Qe2 a6 10. h3 Be7 11. O-O Rc8 12. Ne5 Bc6 13. Rfe1 Bd6 14. Nxf7 Kxf7
15. Qxe6+ Kf8 16. Bxd6+ 1-0

[Event "World Youth Girls U18 2014"]
[Site "Durban RSA"]
[Date "2014.09.25"]
[Round "7.1"]
[White "Saduakassova, Dinara"]
[Black "Marikova, Jana"]
[Result "1-0"]
[WhiteTitle "WGM"]
[WhiteElo "2409"]
[BlackElo "2188"]
[WhiteFideId "13700090"]
[BlackFideId "334138"]
[EventDate "2014.09.20"]

1. e4 c5 2. Nf3 d6 3. d4 cxd4 4. Nxd4 Nf6 5. Nc3 a6 6. Be3 e5 7. Nb3 Be7 8. h3
Be6 9. f4 exf4 10. Bxf4 Nc6 11. Qe2 Ne5 12. O-O-O Qc7 13. g4 O-O 1-0

[Event "World Youth Girls U18 2014"]
[Site "Durban RSA"]
[Date "2014.09.25"]
[Round "7.2"]
[White "Styazhkina, Anna"]
[Black "Osmanodja, Filiz"]
[Result "1-0"]
[WhiteTitle "WIM"]
[BlackTitle "WIM"]
[WhiteElo "2203"]
[BlackElo "2310"]
[WhiteFideId "24119300"]
[BlackFideId "24633569"]
[EventDate "2014.09.20"]

1. e4 c5 2. Nf3 d6 3. d4 Nf6 4. Nc3 cxd4 5. Nxd4 Nc6 6. Bg5 e6 7. Qd2 Qb6 8. Nb3
Be7 9. Bxf6 gxf6 10. a4 Na5 11. Bb5+ Bd7 12. Bxd7+ Kxd7 13. Nd5 exd5 14. Nxa5
dxe4 15. O-O Rac8 16. Rfe1 f5 17. Ra3 Qc7 18. Qd5 Qc5 19. Qxb7+ Rc7 20. Qb5+
Qxb5 21. axb5 d5 22. Ra2 Rxc2 23. Nb3 Rc7 24. Rd1 Kd6 25. Ra6+ Ke5 26. Nd4 Bc5
27. Nc6+ Kf4 28. Rxd5 Bb6 29. g3+ Kg4 30. Kg2 f6 31. Ra4 Kg5 32. Rxe4 Rd7 33.
Rg4+ Kxg4 34. h3+ Kg5 35. Rxd7 Re8 36. Kf3 h5 37. h4+ Kg6 38. Ne7+ Kf7 39. Nd5+
Ke6 40. Nxb6 axb6 41. Rb7 Ke5 42. Rxb6 Rd8 43. Ke3 f4+ 44. gxf4+ Kf5 45. Rc6 Rd5
46. b4 Kg4 47. Rc5 Rd6 48. Ke4 Rb6 49. Rd5 Kxh4 50. Kf3 1-0

[Event "World Youth Girls U18 2014"]
[Site "Durban RSA"]
[Date "2014.09.25"]
[Round "7.3"]
[White "Rodriguez Rueda, Paula Andrea"]
[Black "Utiatskaja, Irina"]
[Result "1-0"]
[WhiteTitle "WIM"]
[WhiteElo "2349"]
[BlackElo "2047"]
[WhiteFideId "4404564"]
[BlackFideId "24140848"]
[EventDate "2014.09.20"]

1. d4 Nf6 2. c4 d6 3. Nc3 g6 4. e4 Bg7 5. f3 O-O 6. Be3 c5 7. Nge2 Nc6 8. Qd2 e6
9. O-O-O Qa5 10. Kb1 a6 11. d5 exd5 12. Nxd5 Nxd5 13. cxd5 Qxd2 14. Bxd2 Ne5 15.
Ng3 f5 16. exf5 Bxf5+ 17. Nxf5 Rxf5 18. Bc3 b5 19. Be2 b4 20. Bd2 Nd7 21. Bd3
Rff8 22. Rde1 Be5 23. Bh6 Rf7 24. h4 Nb6 25. Re4 Na4 26. Bc1 Kg7 27. h5 Nb6 28.
hxg6 hxg6 29. Rg4 Rf6 30. Bg5 Rf7 31. Bh6+ Kf6 32. Bxg6 Rb7 33. Bh5 Rh8 34. Rg6+
Ke7 35. f4 Bd4 36. Re1+ Kd7 37. Ree6 Nc4 38. Be2 Nxb2 39. Bg7 b3 40. Bxd4 bxa2+
41. Kxa2 cxd4 42. Rg7+ 1-0

[Event "World Youth Girls U18 2014"]
[Site "Durban RSA"]
[Date "2014.09.25"]
[Round "7.4"]
[White "Michelle Catherina, P"]
[Black "Nandhidhaa, PV"]
[Result "1-0"]
[WhiteElo "2114"]
[BlackElo "2144"]
[WhiteFideId "5005736"]
[BlackFideId "5050847"]
[EventDate "2014.09.20"]

1. e4 e5 2. Nf3 d6 3. d4 exd4 4. Nxd4 Nf6 5. Nc3 Be7 6. Qf3 O-O 7. Nf5 Bxf5 8.
Qxf5 Nc6 9. Be3 Ne5 10. Be2 c6 11. a4 Qc7 12. O-O Rfe8 13. Qh3 Bf8 14. f4 Ned7
15. Bd3 b6 16. Kh1 g6 17. Bd4 Bg7 18. Qh4 Qd8 19. Rad1 Qe7 20. Qh3 Rab8 21. b4
a5 22. b5 c5 23. Bg1 Rbc8 24. Bc4 Nf8 25. Nd5 Qxe4 26. Nxb6 Rb8 27. Rxd6 Rxb6
28. Bxf7+ Kxf7 29. Rxb6 Qxc2 30. f5 g5 31. Qg3 Ne4 32. Rb7+ Re7 33. Rxe7+ Kxe7
34. Qc7+ Nd7 35. Qc6 Qe2 36. Rb1 Be5 37. Qe6+ Kd8 38. Qg8+ Kc7 39. Qxh7 Nf6 40.
Qf7 Qd3 41. Rc1 Bd4 42. Qe6 Bxg1 43. Rxg1 Qd6 44. Re1 Ng4 45. g3 Nge5 46. b6+
Kc6 47. Rd1 Qxe6 48. fxe6 Nf6 49. e7 Nc4 50. b7 Kxb7 51. Rd8 Nb2 52. Rf8 1-0

[Event "World Youth Girls U18 2014"]
[Site "Durban RSA"]
[Date "2014.09.25"]
[Round "7.5"]
[White "Rodionova, Polina"]
[Black "Dziodzio, Angelika"]
[Result "1-0"]
[WhiteTitle "WFM"]
[WhiteElo "2090"]
[BlackElo "1991"]
[WhiteFideId "24102555"]
[BlackFideId "1170643"]
[EventDate "2014.09.20"]

1. e4 c5 2. Nf3 d6 3. Bb5+ Bd7 4. Bxd7+ Qxd7 5. c4 Nc6 6. d4 cxd4 7. Nxd4 Nf6 8.
Nc3 g6 9. h3 Bg7 10. Be3 O-O 11. O-O a6 12. a4 e6 13. f4 Rac8 14. b3 Rfd8 15.
Ra2 Qe7 16. Rd2 Nd7 17. Kh1 Nc5 18. Bg1 Rd7 19. Nxc6 Rxc6 20. e5 f5 21. b4 Ne4
22. Nxe4 fxe4 23. exd6 Rcxd6 24. Rxd6 Qxd6 25. Qxd6 Rxd6 26. Re1 Bc3 27. Rxe4
Rd1 28. b5 axb5 29. cxb5 Kf7 30. Kh2 h5 31. Bf2 Rf1 32. Kg3 Ba5 33. Kf3 Bb6 34.
Re2 Bxf2 35. Rxf2 Ra1 36. Rc2 Rxa4 37. Rc7+ Kf6 38. Rxb7 Rb4 39. Rb8 Kg7 40. b6
Kh7 41. Ke3 Kg7 42. h4 Kh6 43. Kd3 Kh7 44. Kc3 Rb1 45. Kd4 Kg7 46. Kc5 Rc1+ 47.
Kd6 Rd1+ 48. Kxe6 Re1+ 49. Kd6 Rd1+ 50. Kc7 Rc1+ 51. Kb7 Rc4 52. Rc8 Rxf4 53.
Rc7+ Kf6 54. Kc8 Ke6 55. Rc6+ Kd5 56. Rxg6 Rxh4 57. b7 Rc4+ 58. Kd7 Rb4 59. Rg5+
Ke4 60. Kc7 1-0

[Event "World Youth Girls U18 2014"]
[Site "Durban RSA"]
[Date "2014.09.25"]
[Round "7.6"]
[White "Hoare, Amy B"]
[Black "Velikic, Adela"]
[Result "1-0"]
[WhiteElo "1981"]
[BlackElo "2175"]
[WhiteFideId "418366"]
[BlackFideId "913553"]
[EventDate "2014.09.20"]

1. e4 e5 2. Bc4 Nf6 3. d3 c6 4. Nf3 Be7 5. O-O d6 6. Bb3 O-O 7. Re1 Nbd7 8. c3
Qc7 9. Nbd2 b5 10. Nf1 Nb6 11. Ng3 a5 12. Bc2 Re8 13. Qe2 Bd8 14. h3 Nbd7 15.
Ng5 Nf8 16. a4 bxa4 17. Bxa4 Ne6 18. Nxe6 Bxe6 19. Be3 Rb8 20. d4 exd4 21. Bxd4
Nd7 22. f4 Bf6 23. Rad1 Bxd4+ 24. Rxd4 Nc5 25. f5 Bb3 26. Bxb3 Nxb3 27. Rd3 Nc5
28. Re3 Qb6 29. Qg4 Kh8 30. Nh5 Rg8 31. Kh2 Nd7 32. Qh4 Qd8 33. Qf4 Nf6 34. Nxf6
Qxf6 35. R1e2 Rgd8 36. Rd3 h6 37. Red2 Qe7 38. e5 d5 39. f6 Qe6 40. fxg7+ Kxg7
41. Rg3+ Kh7 42. Rf2 Rd7 43. Qh4 Qxe5 44. Qg4 f5 45. Qg6+ Kh8 46. Rxf5 Qc7 47.
Qxh6+ Rh7 48. Qf6+ Rg7 49. Rh5+ Kg8 50. Rg5 Rxg5 51. Qxg5+ Kf8 52. Kh1 Qd6 53.
Qg8+ Ke7 54. Rg7+ Kf6 55. Rg6+ 1-0

[Event "World Youth Girls U18 2014"]
[Site "Durban RSA"]
[Date "2014.09.25"]
[Round "7.7"]
[White "Cosman, Andreea-Marioara"]
[Black "Xiao, Yiyi"]
[Result "1-0"]
[BlackTitle "WFM"]
[WhiteElo "2018"]
[BlackElo "2168"]
[WhiteFideId "1217968"]
[BlackFideId "8606161"]
[EventDate "2014.09.20"]

1. d4 Nf6 2. c4 g6 3. f3 Bg7 4. e4 d6 5. Nc3 O-O 6. Be3 Nc6 7. Nge2 a6 8. Qd2
Na5 9. Nc1 Nd7 10. Be2 c5 11. d5 Ne5 12. b3 Bd7 13. Rb1 b5 14. cxb5 axb5 15.
Nxb5 Qb8 16. Na3 f5 17. O-O fxe4 18. fxe4 Rxf1+ 19. Kxf1 Bg4 20. Nd3 Nac4 21.
bxc4 Qf8+ 22. Kg1 Bxe2 23. Qxe2 Rxa3 24. Nxe5 Bxe5 25. Rf1 Qa8 26. Bh6 Bd4+ 27.
Kh1 Bf6 28. Qg4 Rxa2 29. Qe6+ Kh8 30. g3 Ra1 31. Rxa1 Qxa1+ 32. Kg2 Qa8 33. h4
Qg8 34. Qxg8+ Kxg8 35. Kf3 Kf7 36. Bd2 Be5 37. g4 Bf6 38. h5 g5 39. Be1 Be5 40.
Ba5 Bb2 41. Be1 Kf6 42. Ba5 Ke5 43. Bd8 Bc1 44. Bxe7 Bf4 45. Bf8 Kd4 46. Bg7+
Kxc4 47. Ke2 Bh2 48. Bf6 Bf4 49. Bg7 Kb5 50. Kd3 Kb4 51. e5 dxe5 52. Ke4 Kb5 53.
Bxe5 Bd2 54. Kf5 c4 55. Ke6 c3 56. d6 c2 57. Bb2 Kc4 58. d7 Ba5 59. Bc1 Bd8 60.
h6 Kc5 61. Kf7 Kd6 62. Kg8 Ke6 63. Kg7 Bf6+ 64. Kf8 Kxd7 65. Kf7 Bd8 66. Bd2 Kd6
67. Kg7 Ke6 68. Bc1 Bf6+ 69. Kg8 Kd6 70. Kxh7 1-0

[Event "World Youth Girls U18 2014"]
[Site "Durban RSA"]
[Date "2014.09.25"]
[Round "7.8"]
[White "Fischer, Julie"]
[Black "Dragieva, Denitza"]
[Result "1-0"]
[BlackTitle "WFM"]
[WhiteElo "1960"]
[BlackElo "2066"]
[WhiteFideId "699969"]
[BlackFideId "2907232"]
[EventDate "2014.09.20"]

1. e4 e5 2. Nf3 Nc6 3. Nc3 Nf6 4. d4 Bb4 5. Nxe5 Bxc3+ 6. bxc3 Qe7 7. Nxc6 Qxe4+
8. Be2 Qxc6 9. O-O O-O 10. c4 d5 11. cxd5 Nxd5 12. Qd2 Qc3 13. Rb1 Bf5 14. Bf3
Qxc2 15. Qxc2 Bxc2 16. Rb2 Bd3 17. Bxd5 Bxf1 18. Kxf1 Rad8 19. Bxb7 Rxd4 20. Be3
Ra4 21. Bc6 Ra5 22. a4 f5 23. Bb5 a6 24. Bd2 axb5 25. Bxa5 bxa4 26. Bxc7 Rf6 27.
Rb6 a3 28. Rxf6 gxf6 29. Bb6 1-0

[Event "World Youth Girls U18 2014"]
[Site "Durban RSA"]
[Date "2014.09.25"]
[Round "7.9"]
[White "Mukhit, Aisezym"]
[Black "Doan, Thi Hong Nhung"]
[Result "1-0"]
[WhiteElo "2059"]
[BlackElo "1903"]
[WhiteFideId "13706349"]
[BlackFideId "12403547"]
[EventDate "2014.09.20"]

1. e4 e6 2. d4 d5 3. exd5 exd5 4. Nf3 Bd6 5. Bd3 Bg4 6. O-O Qf6 7. Re1+ Ne7 8.
Nbd2 Bf4 9. h3 Bxd2 10. Bxd2 Bxf3 11. gxf3 Nc6 12. c3 O-O 13. Kh2 Ng6 14. Rg1
Nf4 15. Bc2 Ne7 16. Rg4 Neg6 17. Be3 Qd6 18. Qd2 f5 19. Bxf4 Nxf4 20. Rxf4 g5
21. Rg1 h6 22. Kh1 Qg6 23. Rfg4 Qh5 24. Rxg5+ hxg5 25. Rxg5+ Qxg5 26. Qxg5+ Kf7
27. Qxf5+ Ke7 28. Qe5+ Kd8 29. Qxd5+ Kc8 30. Bf5+ Kb8 31. Be4 1-0

[Event "World Youth Girls U18 2014"]
[Site "Durban RSA"]
[Date "2014.09.25"]
[Round "7.10"]
[White "Leonardi, Caterina"]
[Black "Regam, Jessica"]
[Result "0-1"]
[BlackTitle "WFM"]
[WhiteElo "1903"]
[BlackElo "2031"]
[WhiteFideId "14601036"]
[BlackFideId "2033496"]
[EventDate "2014.09.20"]

1. d4 Nf6 2. c4 g6 3. Nc3 Bg7 4. e4 d6 5. f4 O-O 6. Nf3 c5 7. d5 e6 8. dxe6 fxe6
9. Bd3 Nc6 10. O-O Nd4 11. Be3 Ng4 12. Bd2 Nxf3+ 13. Qxf3 Bd4+ 14. Kh1 Qh4 15.
h3 Nf2+ 16. Kh2 e5 17. Be1 Rxf4 18. Bxf2 Bxf2 19. Qe2 Qg3+ 20. Kh1 Bxh3 0-1

[Event "World Youth Girls U18 2014"]
[Site "Durban RSA"]
[Date "2014.09.25"]
[Round "7.12"]
[White "Parnali, S Dharia"]
[Black "Machlik, Monika"]
[Result "1-0"]
[WhiteElo "1919"]
[BlackElo "2005"]
[WhiteFideId "5043131"]
[BlackFideId "1513621"]
[EventDate "2014.09.20"]

1. d4 Nf6 2. Nf3 e6 3. g3 b5 4. Bg2 Bb7 5. Nbd2 c5 6. c3 Be7 7. O-O O-O 8. dxc5
Bxc5 9. Nb3 Be7 10. Be3 d6 11. a4 bxa4 12. Rxa4 a6 13. Na5 Bd5 14. Nd4 Bxg2 15.
Kxg2 Nd5 16. Bd2 Qc7 17. e4 Nb6 18. Ra1 N8d7 19. Ndc6 Bf6 20. Bf4 Nc4 21. Nxc4
Qxc6 22. Qe2 d5 23. Na5 Qc5 24. Rfd1 Bd8 25. Be3 Qb5 26. Qxb5 axb5 27. Nc6 Rxa1
28. Rxa1 Bb6 29. Bxb6 Nxb6 30. exd5 exd5 31. Ra5 Nc4 32. Rxb5 Re8 33. Ne7+ Kf8
34. Nxd5 Rd8 35. b4 f6 36. Rc5 Nd2 37. Nf4 Re8 38. h4 Ne4 39. Rc6 Kf7 40. Rc7+
Kf8 41. c4 g5 42. hxg5 fxg5 43. Nd3 h5 44. b5 h4 45. gxh4 gxh4 46. b6 Rb8 47. c5 1-0

[Event "World Youth Girls U18 2014"]
[Site "Durban RSA"]
[Date "2014.09.25"]
[Round "7.13"]
[White "Ren, Xiaoyi"]
[Black "Ichimura G. Barbosa, Larissa Y."]
[Result "1-0"]
[WhiteElo "2134"]
[BlackElo "1952"]
[WhiteFideId "8608709"]
[BlackFideId "2126753"]
[EventDate "2014.09.20"]

1. d4 Nf6 2. c4 g6 3. Nc3 Bg7 4. e4 d6 5. Nf3 O-O 6. h3 e5 7. d5 a5 8. Be2 Na6
9. Be3 Nc5 10. Qc2 Qe7 11. O-O-O Rd8 12. g4 c6 13. Bg5 Qc7 14. Rdg1 Bd7 15. Nd2
a4 16. h4 Rdb8 17. h5 b5 18. dxc6 b4 19. Bxf6 bxc3 20. Bxg7 Bxc6 21. hxg6 fxg6
22. Qxc3 Qxg7 23. f3 Ra7 24. Rh2 Rab7 25. Rgh1 Qf6 26. Qe3 Ne6 27. Bd1 Nf4 28.
b3 Ra8 29. Qc3 axb3 30. Bxb3 Ba4 31. c5+ Bxb3 32. c6 Rc7 33. Qxb3+ Qe6 34. Kb1
Rac8 35. g5 Qxb3+ 36. Nxb3 Nh5 37. Rd1 Rxc6 38. Rhd2 Rd8 39. Rd5 Ra6 40. R1d2
Ng3 41. Ra5 Rxa5 42. Nxa5 Kf7 43. Nc6 Re8 44. Rxd6 Ne2 45. Kb2 Ng1 46. a4 Ra8
47. Kb3 Nh3 48. Nxe5+ Ke7 49. Rb6 Nxg5 50. a5 Nxf3 51. Nxf3 Rxa5 52. Rb7+ Kf6
53. Rxh7 Rc5 54. Rd7 Rc6 55. Rd5 Re6 56. Ng5 Re5 57. Nh7+ 1-0

[Event "World Youth Girls U18 2014"]
[Site "Durban RSA"]
[Date "2014.09.25"]
[Round "7.14"]
[White "Foster, Chantelle L"]
[Black "Navrotescu, Andreea-Cristiana"]
[Result "0-1"]
[BlackTitle "WFM"]
[WhiteElo "1840"]
[BlackElo "2208"]
[WhiteFideId "408476"]
[BlackFideId "675946"]
[EventDate "2014.09.20"]

1. e4 c5 2. Nf3 e6 3. Nc3 a6 4. d4 cxd4 5. Nxd4 Qc7 6. Bd3 Nf6 7. Qe2 d6 8. f4
Nbd7 9. g4 g6 10. Bd2 b5 11. a3 Bg7 12. h4 e5 13. Nb3 exf4 14. Bxf4 Ne5 15. g5
Nh5 16. Bh2 Bg4 17. Qe3 Nf3+ 18. Kf2 Nxh2 19. Rxh2 O-O 20. Rg2 f5 21. Kg1 f4 22.
Qf2 Qd7 23. Nd5 Rab8 24. Kh1 Bh3 25. Rgg1 Ng3+ 26. Rxg3 fxg3 27. Qxg3 Be5 28.
Qe3 Qg4 29. Qe2 Qxh4 30. Nf6+ Rxf6 31. gxf6 Bg4+ 0-1

[Event "World Youth Girls U18 2014"]
[Site "Durban RSA"]
[Date "2014.09.25"]
[Round "7.15"]
[White "Domingos, Maria M"]
[Black "Wafa, Shrook"]
[Result "1/2-1/2"]
[BlackTitle "WGM"]
[WhiteElo "1737"]
[BlackElo "2141"]
[WhiteFideId "10100768"]
[BlackFideId "10609970"]
[EventDate "2014.09.20"]

1. e4 c5 2. d4 cxd4 3. Qxd4 Nc6 4. Qd1 g6 5. Nf3 Bg7 6. c3 d6 7. Bd3 Nf6 8. Be3
O-O 9. O-O Bg4 10. Nbd2 Ne5 11. Bc2 Qa5 12. h3 Nxf3+ 13. Nxf3 Be6 14. Re1 Rfd8
15. Bd4 Rac8 16. Bb3 a6 17. Bxe6 fxe6 18. Qb3 d5 19. Bb6 Qb5 20. Qxb5 axb5 21.
Bxd8 Rxd8 22. exd5 Nxd5 23. Rxe6 Bf6 24. Rd1 Kf7 25. Re2 Nxc3 26. Rxd8 Nxe2+ 27.
Kf1 Nc1 28. Rb8 Nxa2 29. Rxb7 b4 30. Ke2 h6 31. Kd1 Bxb2 32. Ne1 Bd4 33. Nd3
Nc3+ 34. Kc2 Nd5 35. Nxb4 Nf4 36. Nd3 Nxg2 37. Rb4 Bf6 38. Re4 Nh4 39. Ne5+ Kg7
40. Ng4 Bg5 41. f4 Bf6 42. Ne3 Nf3 43. Nd5 Kf7 44. Nxf6 Kxf6 45. Re3 Nd4+ 46.
Kd3 Ne6 47. Ke4 Nc5+ 48. Kf3 Ne6 49. h4 Nd4+ 50. Ke4 Nf5 51. Rh3 h5 52. Rh2 e6
53. Kf3 Nd6 54. Rc2 Nf5 55. Rh2 Nd4+ 56. Ke4 Nb5 57. Rc2 Nd6+ 58. Kf3 Nb5 59.
Rc5 Nd4+ 60. Kg2 Nf5 61. Kh3 Nd6 62. Ra5 Nc4 63. Rc5 Ne3 64. Rb5 Nd5 65. Kg3 Kf5
66. Kf3 Kf6 67. Rc5 Ne7 68. Kg3 Nf5+ 69. Kh3 Nd4 70. Kg3 Ke7 71. Rc7+ Kd6 72.
Ra7 Kd5 73. Rf7 Ke4 74. Rf6 Ne2+ 75. Kf2 Nxf4 76. Kg3 e5 77. Ra6 Kf5 78. Ra8
Ne2+ 79. Kf2 Nd4 80. Rf8+ Ke6 81. Re8+ Kf6 82. Rf8+ Ke7 83. Rg8 Kf7 84. Rb8 Nf5
85. Rb7+ Ke6 86. Rb6+ Nd6 87. Kf3 Kd5 88. Ra6 Nf5 89. Ra5+ Kd4 90. Ra4+ Kc3 91.
Ke4 Nxh4 92. Kxe5 Nf5 93. Kf4 h4 94. Kg5 h3 95. Ra3+ 1/2-1/2

[Event "World Youth Girls U18 2014"]
[Site "Durban RSA"]
[Date "2014.09.25"]
[Round "7.16"]
[White "Diederichs, Luise"]
[Black "Schmalhorst, Sophia"]
[Result "1/2-1/2"]
[WhiteElo "1992"]
[BlackElo "1903"]
[WhiteFideId "24661597"]
[BlackFideId "24682497"]
[EventDate "2014.09.20"]

1. d4 d5 2. c4 c6 3. Nf3 Nf6 4. Nc3 Bf5 5. cxd5 cxd5 6. Bf4 e6 7. Qb3 Qb6 8. e3
Qxb3 9. axb3 Nc6 10. Bb5 Bb4 11. Ke2 O-O 12. Ra4 a5 13. Rc1 Na7 14. Bd3 Bxd3+
15. Kxd3 Rfc8 16. Raa1 Nc6 17. Ne5 Nh5 18. Na4 Ra6 19. Bg3 Nxg3 20. hxg3 Nxe5+
21. dxe5 Rac6 22. Rxc6 Rxc6 23. Nc3 Kf8 24. Ne2 Ke7 25. Nd4 Rc8 26. Nc2 Rc6 27.
Nxb4 1/2-1/2

[Event "World Youth Girls U18 2014"]
[Site "Durban RSA"]
[Date "2014.09.25"]
[Round "7.18"]
[White "Yashora, Tiumi"]
[Black "Machlik, Edit"]
[Result "1/2-1/2"]
[WhiteElo "1706"]
[BlackElo "1929"]
[WhiteFideId "9903534"]
[BlackFideId "1513591"]
[EventDate "2014.09.20"]

1. d4 Nf6 2. c4 e6 3. g3 Bb4+ 4. Bd2 a5 5. Bg2 d6 6. Nf3 Nc6 7. O-O e5 8. Bg5
exd4 9. Nxd4 Nxd4 10. Qxd4 h6 11. Bxf6 Qxf6 12. Qxf6 gxf6 13. a3 Bc5 14. Nc3 c6
15. Ne4 Ke7 16. Nxc5 dxc5 17. f4 Rd8 18. Rfd1 Be6 19. e3 Bg4 20. Rdc1 Rd2 21.
Rab1 Ra6 22. Be4 Rb6 23. Rc2 Rd6 24. f5 Rb3 25. Kf2 Kd8 26. h3 Bxh3 27. Kf3 h5
28. Kf4 Bg4 29. Bf3 Bxf3 30. Kxf3 Rdd3 31. Re2 Ke7 32. Rh1 Rb6 33. Rxh5 Rd1 34.
Rhh2 Rb3 35. Rc2 Rbd3 36. Rhe2 Rd6 37. Ke4 b5 38. cxb5 cxb5 39. Rh2 R6d5 40. Kf4
c4 41. g4 Rc5 42. Rh6 Rd6 43. Rh7 Rd7 44. Rh6 1/2-1/2

[Event "World Youth Girls U18 2014"]
[Site "Durban RSA"]
[Date "2014.09.25"]
[Round "7.19"]
[White "Abdi, Zineb Dina"]
[Black "Mynzhasarova, Kamilla"]
[Result "1/2-1/2"]
[WhiteTitle "WIM"]
[WhiteElo "1911"]
[BlackElo "1882"]
[WhiteFideId "7900880"]
[BlackFideId "13703668"]
[EventDate "2014.09.20"]

1. e4 e5 2. Nf3 Nc6 3. Bc4 Bc5 4. c3 Nf6 5. d3 d6 6. Nbd2 O-O 7. Bb3 Be6 8. O-O
Bxb3 9. axb3 a6 10. Nc4 h6 11. Ne3 d5 12. Qc2 Qd7 13. h3 Rad8 14. Rd1 Bb6 15.
exd5 Nxd5 16. Nxd5 Qxd5 17. Be3 Bxe3 18. fxe3 f5 19. Rd2 e4 20. dxe4 Qxe4 21.
Qxe4 fxe4 22. Nd4 Rd6 23. Rf1 Rxf1+ 24. Kxf1 Ne5 25. Ke1 Nd3+ 26. Kd1 Rf6 27.
Kc2 c5 28. Ne2 Ne1+ 29. Kb1 Nxg2 30. Ng3 Nxe3 31. Nxe4 Rf1+ 32. Ka2 c4 33. bxc4
Nxc4 34. Rd8+ Rf8 35. Rd4 Ne5 36. Nc5 b6 37. Ne6 Rf3 38. h4 Kf7 39. Nc7 a5 40.
Rd5 Re3 41. Rd6 Ng6 42. Nd5 Re6 43. Rd7+ Kf8 44. h5 Ne5 45. Rb7 Nc4 46. Kb3 Rc6
47. Nf4 Ne5 48. Nd5 Nc4 49. Nf4 Ne5 50. Nd5 1/2-1/2